[Event "Provincial Individual Huesca"]
[Site "Sabiñánigo,Alcalá,Binéfar,Bin"]
[Date "2016.10.15"]
[Round "1.1"]
[White "Rodriguez Avellanas Jose Manuel"]
[Black "Lafarga David"]
[Result "0-1"]
[WhiteElo "1731"]
[BlackElo "2203"]

1.c4 e5 2.Nc3 Nf6 3.g3 c6 4.Bg2 d5 5.d3 d4 6.Ne4 Nxe4 7.Bxe4 Nd7 8.Bg2 Bc5 9.
Nf3 O-O 10.O-O Qe7 11.a3 a5 12.b3 Nf6 13.Nd2 Bf5 14.Bb2 Rad8 (14...Rfd8) 15.
Ne4 Nxe4 16.dxe4 Be6 {†} 17.Qd2 Ra8 (17...b5 $5) 18.Qd3 f6 19.a4 Rfd8 20.Bc1
Bf7 21.Bd2 Bb4 22.Rfd1 Bg6 23.h4 Ra6 24.Bc1 Rb6 25.Kh2 Be8 26.Bh3 c5 27.Rb1
Bc6 28.Bg2 Re8 29.g4 Bd7 30.Bh3 g6 31.Rg1 Kh8 32.Rf1 {(=)} 32...Rf8 (32...f5
33.Bg5 fxe4 34.Qxe4 Qf8) 33.f3 Qg7 34.Rg1 Qe7 35.Rf1 Rd6 36.Bh6 Rf7 37.Bc1 Ra6
(37...h6 $1 38.Bxh6 g5 39.hxg5 fxg5) 38.Rg1 Ra8 39.Kh1 Rg8 40.Kh2 Qf8 41.Kh1
Qe7 (41...h5) 42.Kh2 Kg7 43.Kh1 Kf8 44.f4 $6 exf4 45.Bxf4 Bc6 46.Bg2 Qe6 $1
47.Bh6+ Ke8 48.g5 (48.Qg3 Kd7) 48...Qg4 $1 49.Qh3 Qxh3+ 50.Bxh3 Bxe4+ 51.Bg2
Bxb1 52.Bd5 (52.Rxb1 fxg5 (52...f5 53.Bd5 Rh8 54.Bxf7+ Kxf7) 53.Bd5 gxh4)
52...Bf5 53.gxf6 Rgf8 54.Bxf8 Rxf8 55.f7+ Ke7 56.Kh2 Bd2 57.h5 Bf4+ 58.Kh1 g5
59.h6 Rxf7 (59...Rxf7 60.Bxb7 (60.Bxf7 Be4+) 60...Rf6) 0-1

[Event "Provincial Individual Huesca"]
[Site "Sabiñánigo,Alcalá,Binéfar,Bin"]
[Date "2016.10.15"]
[Round "1.2"]
[White "Guetas Hugo"]
[Black "Vinuales Jose Antonio"]
[Result "0-1"]
[WhiteElo "2157"]
[BlackElo "1724"]

1.e4 c5 2.Nc3 Nc6 3.g3 g6 4.Bg2 Bg7 5.d3 d6 6.Be3 Nf6 7.h3 O-O 8.f4 Rb8 9.Nf3
b5 10.O-O b4 11.Ne2 Nd7 12.Qc1 a5 13.f5 Re8 14.Bh6 Bh8 15.Ng5 Nde5 16.Qf4 f6
$1 17.fxg6 (17.Nf3 Nf7 18.fxg6 hxg6 19.Qh4) 17...hxg6 (17...fxg5 $4 18.Qf7+
Nxf7 19.gxf7#) 18.Nf3 Nxf3+ 19.Rxf3 Ne5 20.Rf2 g5 21.Bxg5 fxg5 22.Qxg5+ Bg7
23.Raf1 e6 24.Qh5 Rf8 25.Rxf8+ Bxf8 26.d4 cxd4 27.Nxd4 Rb7 28.h4 Rh7 29.Qe2
Qb6 30.c3 Ba6 31.Rxf8+ Kxf8 32.Qf2+ Ke8 33.Qf6 Bc8 34.g4 bxc3 35.bxc3 Qb1+ 36.
Bf1 Rf7 37.Qh8+ Kd7 0-1

[Event "Provincial Individual Huesca"]
[Site "Sabiñánigo,Alcalá,Binéfar,Bin"]
[Date "2016.10.15"]
[Round "1.3"]
[White "Agustin Adrian"]
[Black "Aribau Miguel Angel"]
[Result "0-1"]
[WhiteElo "1691"]
[BlackElo "2052"]

1.e4 e6 2.d4 d5 3.Nd2 Nf6 4.e5 Nfd7 5.Bd3 c5 6.c3 Nc6 7.Ne2 Qb6 8.Qb3 Qc7 9.
Qd1 cxd4 10.cxd4 Be7 11.O-O Qb6 12.Nf3 O-O 13.Ng5 Bxg5 14.Bxg5 Qxb2 15.Bxh7+
$2 (15.a4 $1 ...16.Rb1 Qa2 17.Nc3 Qa3 18.Rb3) 15...Kxh7 16.Qd3+ Kg8 17.Rfb1
Ndxe5 18.dxe5 Qxe5 19.Bf4 Qe4 20.Qd2 d4 21.Re1 e5 22.Bg3 Qg6 23.Rab1 b6 24.Rb5
Bb7 25.Nc1 f6 26.Nd3 Ba6 27.a4 Bxb5 28.axb5 Na5 29.Nb4 Qf7 30.f4 exf4 31.Bxf4
Rac8 32.Bd6 Rfe8 33.Rxe8+ Qxe8 0-1

[Event "Provincial Individual Huesca"]
[Site "Sabiñánigo,Alcalá,Binéfar,Bin"]
[Date "2016.10.15"]
[Round "1.4"]
[White "Ereza Fernando"]
[Black "Hidalgo Andres"]
[Result "0-1"]
[WhiteElo "2016"]
[BlackElo "1687"]

1.d4 d5 2.Nf3 Nf6 3.Bf4 g6 4.e3 Bg7 5.c4 c6 6.Nc3 O-O 7.h3 Nbd7 8.Bd3 e6 9.O-O
Re8 10.Ne5 Nxe5 11.Bxe5 Nd7 12.Bxg7 Kxg7 13.e4 Qb6 14.exd5 cxd5 15.c5 Qc6 16.
b4 Rd8 17.Re1 Nf6 18.a4 Bd7 19.Qf3 Qc7 20.b5 Rab8 21.a5 Be8 22.b6 axb6 23.axb6
Qc8 24.Nb5 Bxb5 25.Bxb5 Rf8 26.Qf4 Qd8 27.Ra7 Ne8 28.Qe5+ Kg8 29.Rea1 h6 30.g3
(30.Qf4) 30...Kh7 31.Qxb8 $6 (31.Bd3) 31...Qxb8 32.Ra8 Nf6 33.Rxb8 Rxb8 34.Ra7
Kg7 35.Kg2 Ng8 36.Rxb7 $4 (36.Kf3) 36...Rxb7 37.c6 Rxb6 38.c7 0-1

[Event "Provincial Individual Huesca"]
[Site "Sabiñánigo,Alcalá,Binéfar,Bin"]
[Date "2016.10.15"]
[Round "1.5"]
[White "Garreta Maria"]
[Black "Fuentes Juan Antonio"]
[Result "0-1"]
[WhiteElo "1681"]
[BlackElo "1987"]

1.e4 c5 2.Nc3 Nc6 3.g3 g6 4.Bg2 Bg7 5.d3 Nf6 6.Be3 d6 7.f4 Ng4 8.Qd2 O-O 9.
Nge2 Nb4 10.Bf2 Nxf2 11.Kxf2 f5 12.a3 Nc6 13.Rhf1 fxe4 14.Bxe4 Bh3 15.Bg2 Qd7
16.Kg1 Bxg2 17.Kxg2 Nd4 18.Nxd4 Bxd4 19.Qe2 Rae8 20.Rae1 e5 21.fxe5 Bxe5 22.
Rxf8+ Rxf8 23.Rf1 Rxf1 24.Qxf1 Kg7 25.Nd1 b5 26.c3 a5 27.Qf2 b4 28.axb4 axb4
29.Qf3 Qa4 30.Qb7+ Kh6 $2 (30...Kg8) 31.Ne3 $1 bxc3 (32.Ng4+ Kh5 33.Qxh7+ Kg5
34.h4+ Kxg4 (34...Kf5 35.Nh6+ Kf6 36.Qf7#) 35.Qxg6#) 32.bxc3 Bxc3 33.Kh3 (33.
Qe7 $1) 33...Qe8 34.Ng4+ Kg5 35.Qxh7 (35.Qf3) 35...Qh8 36.Qxh8 Bxh8 37.Ne3 Bd4
38.Nc4 (38.Nc2) 38...d5 39.Nb6 c4 40.dxc4 Bxb6 41.cxd5 Bc7 42.Kg2 Kf5 43.Kf3
g5 44.h3 Bd6 45.Kg2 Ke4 46.Kf2 Bc5+ 47.Kg2 Ke3 48.h4 $2 (48.g4 Kf4 49.h4 $1)
48...g4 49.h5 Ke4 50.h6 Kxd5 51.h7 Bd4 52.Kf1 Ke4 53.Kg2 Ke3 54.Kg1 Kf3+ 55.
Kh2 Bh8 0-1

[Event "Provincial Individual Huesca"]
[Site "Sabiñánigo,Alcalá,Binéfar,Bin"]
[Date "2016.10.15"]
[Round "1.6"]
[White "Avellanas Jose"]
[Black "Gimenez Alfonso"]
[Result "0-1"]
[WhiteElo "1972"]
[BlackElo "1676"]

1.d4 e6 2.c4 d5 3.e3 Nf6 4.Nc3 c6 5.Nf3 Nbd7 6.Bd3 Bb4 7.O-O b6 8.Qc2 a5 9.a3
Bd6 10.b3 Ba6 11.Bb2 Qc7 12.Rfe1 e5 13.e4 O-O-O 14.cxd5 Bxd3 15.Qxd3 exd4 16.
Qxd4 (16.Nxd4 Ne5 17.Qa6+) 16...Ne5 17.h3 $2 (17.Qd1) 17...Nxf3+ 18.gxf3 Be5 (
18...Bc5 19.Qd2 Qg3+) 19.Qd2 Bf4 20.Qd3 Kb7 21.Rad1 Qc8 22.Kg2 Be5 23.Rc1 Nh5
24.dxc6+ (24.Ne2) 24...Kb8 25.Nd5 Rxd5 26.Bxe5+ Rxe5 27.Qd7 Qxd7 28.cxd7 Rd8
29.Rcd1 Rc5 {...} 0-1

[Event "Provincial Individual Huesca"]
[Site "Sabiñánigo,Alcalá,Binéfar,Bin"]
[Date "2016.10.15"]
[Round "1.7"]
[White "Barbe Saturnino"]
[Black "Pellicer Jose Luis"]
[Result "0-1"]
[WhiteElo "1638"]
[BlackElo "1969"]

1.d4 Nf6 2.c4 g6 3.Nc3 d5 4.cxd5 Nxd5 5.e4 Nxc3 6.bxc3 Bg7 7.Bc4 c5 8.Be3 Nc6
9.Nf3 O-O 10.O-O Bg4 11.d5 Ne5 12.Be2 Nxf3+ 13.Bxf3 Bxf3 14.Qxf3 Bxc3 15.Bh6
Bxa1 16.Bxf8 Qxf8 17.Rxa1 Qg7 18.Rc1 b5 19.h3 c4 20.Qa3 Qe5 21.Qb4 Rb8 22.Qc5
Qb2 23.Rf1 Re8 24.Qxa7 c3 25.Qd7 Kf8 26.Qc7 b4 27.Qe5 f6 28.Qd4 Qxa2 29.Qxb4
Rc8 30.d6 Qe6 31.dxe7+ Qxe7 32.Qxe7+ Kxe7 33.Rc1 Kd6 34.f4 Rc4 35.g3 Kc5 36.
Kf2 Kd4 37.e5 fxe5 38.fxe5 Kxe5 39.Ke3 c2 0-1

[Event "Provincial Individual Huesca"]
[Site "Sabiñánigo,Alcalá,Binéfar,Bin"]
[Date "2016.10.15"]
[Round "1.8"]
[White "Rodriguez Leiva Manuel"]
[Black "Pano Ernesto"]
[Result "1-0"]
[WhiteElo "1957"]
[BlackElo "1627"]

1.c4 c5 2.Nc3 Nf6 3.Nf3 Nc6 4.g3 g6 5.Bg2 Bg7 6.O-O O-O 7.d3 e6 8.Bg5 d5 9.Qc1
Re8 10.Rd1 Ne7 11.e4 d4 12.Nb5 a6 13.Nd6 $1 Rf8 14.e5 Ng4 15.Ne4 f6 16.exf6
Nxf6 17.Nxc5 b6 18.Nd2 Ra7 19.Nce4 Ng4 20.h3 Ne5 21.Nb3 Nf3+ 22.Kh1 Nxg5 23.
Qxg5 Rf5 24.Qd2 e5 25.g4 Rf4 26.Rf1 Nc6 27.f3 Qh4 28.Kg1 Bh6 29.Qe2 Qd8 30.a3
Rf8 31.Nbd2 Be3+ 32.Kh1 Qh4 33.b4 Raf7 34.Nd6 Rf6 35.Nxc8 Rxc8 36.Ne4 Rff8 37.
Qe1 Qd8 38.c5 bxc5 39.Nxc5 Qg5 40.Ra2 Qd8 {Tiempo?} 1-0

[Event "Provincial Individual Huesca"]
[Site "Sabiñánigo,Alcalá,Binéfar,Bin"]
[Date "2016.10.15"]
[Round "1.9"]
[White "Sanchez Lopez Alejandro"]
[Black "Citoler Adriano"]
[Result "0-1"]
[WhiteElo "1583"]
[BlackElo "1898"]

1.e4 e5 2.Nf3 Nc6 3.Bb5 a6 4.Ba4 Nf6 5.O-O Be7 6.Qe2 b5 7.Bb3 d6 8.c3 O-O 9.d4
Bg4 10.d5 Na5 11.Bc2 c5 12.Nbd2 Qc7 13.Re1 c4 14.Nf1 Nb7 15.Ng3 g6 16.h3 Bxf3
17.Qxf3 Kg7 18.Bg5 Nxd5 19.exd5 Bxg5 20.Ne4 Qe7 21.Qg4 Bh6 22.Ng3 Kh8 23.f4 f5
24.Qf3 Nc5 25.fxe5 dxe5 26.Rad1 Qd6 27.Qe2 e4 28.Nxe4 fxe4 29.Bxe4 Rae8 30.Qg4
Rf4 31.Qg3 Nxe4 32.Qh2 Bg7 33.Re3 Ref8 34.Rxe4 Qc5+ 0-1

[Event "Provincial Individual Huesca"]
[Site "Sabiñánigo,Alcalá,Binéfar,Bin"]
[Date "2016.10.15"]
[Round "1.10"]
[White "Alsina Sergio"]
[Black "Amello Jonathan"]
[Result "1-0"]
[WhiteElo "1881"]
[BlackElo "1580"]

1.e4 e6 2.d4 d5 3.exd5 exd5 4.c4 Nf6 5.Nc3 Bb4 6.Bd3 dxc4 7.Bxc4 O-O 8.Ne2 Bf5
9.O-O Bd6 10.Ng3 Bg4 11.Qb3 Nc6 12.d5 Na5 13.Qa4 Nxc4 14.Qxc4 Bd7 15.Bg5 h6
16.Bxf6 Qxf6 17.Nge4 Qg6 18.Nxd6 Qxd6 19.Rac1 Qb6 20.b3 Rac8 21.Rfd1 Rfd8 22.
Rd3 a6 23.Rg3 Bf5 24.Qf4 Bg6 25.h4 Qd6 26.Qf3 h5 27.Rd1 Qe7 28.Rg5 Rd6 29.Ne2
Rf6 30.Nf4 Qd6 31.g3 Re8 32.Qg2 Re5 33.Qf3 Rxg5 34.hxg5 Rf5 35.Rd4 Qb6 36.Re4
Rxg5 37.Nxg6 Rxg6 $2 (37...Qxg6) 38.Re8+ Kh7 39.Qxh5+ Rh6 40.Qf5+ Rg6 41.Re4
Qc5 42.Rh4+ 1-0

[Event "Provincial Individual Huesca"]
[Site "Sabiñánigo,Alcalá,Binéfar,Bin"]
[Date "2016.10.15"]
[Round "1.11"]
[White "Arrieta Steven"]
[Black "Puertolas Arturo"]
[Result "1/2-1/2"]
[WhiteElo "1579"]
[BlackElo "1870"]

1.e4 e6 2.d4 d5 3.e5 c5 4.c3 Qb6 5.Nf3 Nc6 6.Be2 Bd7 7.O-O cxd4 8.cxd4 Nge7 9.
b3 Nf5 10.Bb2 Rc8 11.h3 Be7 12.Qd2 O-O 13.Rd1 f6 14.Nc3 fxe5 15.Na4 Qd8 16.
dxe5 Nh4 17.Nxh4 Bxh4 18.Rf1 Be7 19.Rad1 a6 20.f4 b5 21.Nc3 Qb6+ 22.Kh1 Bb4
23.a3 Bxc3 24.Bxc3 Ne7 25.Bg4 g6 26.Bb4 Nf5 27.Bxf5 Rxf5 28.Rc1 Rc6 29.Rxc6
Bxc6 30.Rc1 Rf7 31.Rc2 Bb7 32.Bd6 Qd8 33.g3 g5 34.Qd4 gxf4 35.gxf4 Qh4 36.Kh2
Qxf4+ 37.Qxf4 Rxf4 38.Rc7 Rf7 39.Rxf7 (39.Be7) 39...Kxf7 40.Kg3 Kg6 41.Kf4 d4
42.Be7 Bd5 43.b4 d3 44.Ke3 Bc4 45.h4 Kf5 46.Bf6 1/2-1/2

[Event "Provincial Individual Huesca"]
[Site "Sabiñánigo,Alcalá,Binéfar,Bin"]
[Date "2016.10.15"]
[Round "1.12"]
[White "Martinez Carnicer Eduardo"]
[Black "Mendoza Pedro"]
[Result "1/2-1/2"]
[WhiteElo "1847"]
[BlackElo "1570"]

1.e4 c5 2.c3 e5 3.Nf3 Nc6 4.Bc4 Nf6 5.Qe2 d6 6.h3 Be7 7.O-O O-O 8.Rd1 Qb6 9.
Bb3 Bd7 10.d3 Rac8 11.Nbd2 Na5 12.Bc2 h6 13.Nf1 Qc7 14.Ng3 Rfe8 15.Be3 b6 16.
Qd2 Bf8 17.Nh4 Kh7 18.Nhf5 Red8 19.Rac1 c4 20.d4 Nb7 21.Qe2 g6 22.Nh4 Bg7 23.
Nf3 Be6 24.Rd2 Re8 25.Rcd1 Re7 26.dxe5 dxe5 27.Kh1 Rd7 28.Rxd7 Nxd7 29.h4 Ndc5
30.Nh2 Rd8 31.h5 Nd3 32.hxg6+ fxg6 33.Bb1 Nbc5 34.Nhf1 Qc6 35.f3 Qd6 36.Kg1
Qc7 37.Nh1 Rd6 38.Nf2 Nxf2 39.Bxf2 Nd3 40.Be3 Rd8 41.Ng3 Rd6 42.Nh1 Qd8 43.Nf2
Nxf2 44.Rxd6 Nh3+ 45.gxh3 Qxd6 46.Kh2 Qd7 47.h4 Qd8 48.Bf2 h5 49.Bc2 Bf6 50.
Qe1 a6 51.Bg3 Qe7 52.Qf2 b5 53.f4 Bf7 54.fxe5 Bxe5 55.Kg2 Bxg3 56.Qxg3 Be6 57.
Qf4 Bg4 58.Kg3 Qc5 59.Qf7+ Kh6 60.Qf4+ Kg7 61.Kg2 Qe7 62.Kg3 Qc5 63.Qf2 Qxf2+
64.Kxf2 Kf6 65.e5+ Kxe5 66.Bxg6 Kf4 67.Be8 Bf3 68.a3 Bd1 69.Ke1 Bg4 70.Kf2
1/2-1/2

[Event "Provincial Individual Huesca"]
[Site "Sabiñánigo,Alcalá,Binéfar,Bin"]
[Date "2016.10.15"]
[Round "1.14"]
[White "Perez Puyal Jose Joaquin"]
[Black "Rodriguez Alegre Oscar"]
[Result "1-0"]
[WhiteElo "1827"]
[BlackElo "1549"]

1.d4 e6 2.Nf3 Nf6 3.e3 d5 4.Bd3 c5 5.b3 b5 6.Bxb5+ Bd7 7.Bd3 Nc6 8.Nbd2 Be7 9.
Bb2 Rb8 10.O-O cxd4 11.exd4 O-O 12.Ne5 Be8 13.Re1 Qb6 14.Ndf3 a5 15.a3 Nxe5
16.dxe5 Ng4 17.Bd4 Qc7 18.h3 Nh6 19.Be3 Nf5 20.Bxf5 exf5 21.Nd4 Qxe5 22.Bg5
Qxe1+ 23.Qxe1 Bxg5 24.Nxf5 Bf6 25.Rd1 Bc6 26.Qxa5 Rfd8 27.a4 g6 28.Nh6+ Kg7
29.Nxf7 Kxf7 30.Qc7+ Bd7 31.Rxd5 Ke6 32.Rd6+ Ke7 33.Rxd7+ Rxd7 34.Qxb8 Ke6 35.
Qe8+ Re7 36.Qc6+ Kf7 37.g3 Be5 38.a5 Re6 39.Qd5 Kf6 40.f4 Bc3 41.Qd8+ Re7 42.
Qh8+ Rg7 43.a6 Bd4+ 44.Kg2 Kf7 45.c3 Bb6 46.b4 h5 47.Qb8 Be3 48.a7 1-0

[Event "Provincial Individual Huesca"]
[Site "Sabiñánigo,Alcalá,Binéfar,Bin"]
[Date "2016.10.15"]
[Round "1.15"]
[White "Pardina Martin"]
[Black "Garreta Blas"]
[Result "0-1"]
[WhiteElo "1543"]
[BlackElo "1820"]

1.e4 c6 2.d4 d5 3.Nc3 dxe4 4.Nxe4 Bf5 5.Ng3 Bg6 6.Nf3 Nf6 7.Bc4 e6 8.Qe2 Nd5
9.c3 Nd7 10.h4 h6 11.Bd3 Qf6 12.Bxg6 fxg6 13.Bd2 O-O-O 14.O-O-O Bd6 15.Bg5 $4
(15.Ne4) 15...hxg5 16.hxg5 Bf4+ 17.Kb1 Qf7 18.Ne4 Bc7 19.g3 Rdf8 20.Nfd2 Kb8
21.Nc4 Qe7 22.Qc2 N7b6 23.Na5 Nc8 24.Nb3 b6 25.c4 Nb4 26.Qe2 Nd6 $2 27.Nxd6
Bxd6 $2 28.c5 $2 (28.Rxh8 Rxh8 29.a3 Qxg5 30.axb4 Qf5+) 28...Bc7 29.a3 Nd5 30.
cxb6 Bxb6 31.Rxh8 Rxh8 32.Qc2 Kb7 33.Qxg6 Rd8 34.Re1 Nc7 35.f4 Bxd4 36.Nxd4
Rxd4 37.f5 Rg4 38.f6 gxf6 39.Qxf6 Qxf6 40.gxf6 Rxg3 0-1

[Event "Provincial Individual Huesca"]
[Site "Sabiñánigo,Alcalá,Binéfar,Bin"]
[Date "2016.10.15"]
[Round "1.16"]
[White "Buil Jose Antonio"]
[Black "Sorinas Ramon"]
[Result "1/2-1/2"]
[WhiteElo "1814"]
[BlackElo "1537"]

1.e4 e5 2.Nf3 Nc6 3.d4 exd4 4.Nxd4 Bb4+ 5.c3 Bc5 6.Be3 Bb6 7.Be2 Nf6 8.f3 O-O
9.Qd2 d5 10.Nxc6 bxc6 11.e5 Ne8 12.a4 a5 13.O-O f6 14.exf6 Qxf6 15.Bd4 Nd6 16.
Na3 Nf5 17.Nc2 Re8 18.Bd3 Nxd4 19.Nxd4 Bxd4+ 20.cxd4 Qxd4+ 21.Kh1 Qf6 22.Qc2
h6 23.Rfe1 Bd7 24.Red1 Re7 25.Rac1 Rae8 26.Qd2 Qh4 27.b3 Qb4 28.Qxb4 axb4 29.
Kg1 Kf7 30.Kf2 Ke6 31.Bg6 Rf8 32.Rd4 Rb8 33.g4 Kd6 34.Rd2 c5 35.Be4 d4 36.Rdc2
Rf8 37.Kg3 Re5 38.a5 Bc6 39.a6 Bxe4 40.fxe4 Rxe4 41.Rxc5 Re3+ 42.Kh4 Rc3 43.
Rc4 Rxc1 44.Rxc1 g6 45.Kg3 c5 46.Ra1 Kc6 47.a7 Ra8 48.Ra6+ Kb5 49.Rxg6 Rxa7
50.Rxh6 Rd7 (50...c4) 51.Kf2 Rd5 52.Ke2 c4 53.Rh5 Rxh5 54.gxh5 cxb3 55.Kd2 Ka4
56.h6 Ka3 $2 (56...b2 $1 57.h7 b1=Q 58.h8=Q Qe4) 57.h7 b2 58.h8=Q b1=Q 59.Qxd4
Qb2+ 60.Qxb2+ Kxb2 61.h4 Ka2 62.h5 b3 63.h6 b2 64.h7 1/2-1/2

[Event "Provincial Individual Huesca"]
[Site "Sabiñánigo,Alcalá,Binéfar,Bin"]
[Date "2016.10.15"]
[Round "1.18"]
[White "Escartin Jose"]
[Black "Cabos Esteban"]
[Result "1-0"]
[WhiteElo "1785"]
[BlackElo "1497"]

1.d4 d6 2.Nf3 c6 3.c4 Nd7 4.Nc3 Qc7 5.Bf4 a6 6.e3 e5 7.Bg3 Be7 8.Be2 Bf6 9.O-O
Ne7 10.Ne4 b6 11.dxe5 Bxe5 12.Nxd6+ Bxd6 13.Bxd6 Qd8 14.b4 h6 15.c5 b5 16.Nd4
Bb7 17.Bxe7 Qc7 18.Bd6 Qd8 19.Bf3 Rc8 20.Nf5 Qf6 21.Ne7 h5 22.Nxc8 Bxc8 23.
Bxc6 Qe6 24.a4 g5 25.axb5 g4 26.bxa6 g3 27.hxg3 h4 28.Qd4 Rh7 29.gxh4 Rh5 30.
a7 f6 31.a8=Q Kd8 32.Qxc8+ 1-0

[Event "Provincial Individual Huesca"]
[Site "Sabiñánigo,Alcalá,Binéfar,Bin"]
[Date "2016.10.15"]
[Round "1.19"]
[White "Serra Jaime"]
[Black "Ocabo Pedro"]
[Result "0-1"]
[WhiteElo "1490"]
[BlackElo "1785"]

1.Nf3 g6 2.e4 d6 3.d4 Bg7 4.c3 Nf6 5.d5 Nbd7 6.Bd3 O-O 7.O-O Nc5 8.Re1 Ng4 9.
h3 Nxd3 10.Qxd3 Ne5 11.Nxe5 Bxe5 12.Nd2 f5 13.Nf3 f4 14.Nh2 g5 15.Nf3 h6 16.
Nd4 Rf6 17.Nf3 Qe8 18.Nxe5 dxe5 19.c4 Qh5 20.Kh2 g4 21.Rg1 Kh7 22.Kh1 f3 23.
Bd2 Bd7 24.Bb4 fxg2+ 25.Rxg2 Rf3 26.Qxf3 gxf3 27.Rg3 Bxh3 28.Kg1 Bg2 0-1

[Event "Provincial Individual Huesca"]
[Site "Sabiñánigo,Alcalá,Binéfar,Bin"]
[Date "2016.10.15"]
[Round "1.20"]
[White "Barranco Fernando"]
[Black "Buisac Pablo"]
[Result "1-0"]
[WhiteElo "1759"]
[BlackElo "1485"]

1.Nf3 Nf6 2.g3 d5 3.Bg2 e6 4.O-O Be7 5.d4 O-O 6.c3 c5 7.Bf4 Nc6 8.Nbd2 Qb6 9.
Qb3 c4 10.Qxb6 axb6 11.Rfe1 b5 12.a3 Bd7 13.e4 Nh5 14.exd5 Nxf4 15.gxf4 exd5
16.Ne5 Nxe5 17.Rxe5 Bd6 18.Rxd5 Bxf4 19.Rxd7 Bxd2 20.Rd1 Bf4 21.Re1 Rfe8 22.
Rxe8+ Rxe8 23.Bd5 Kh8 24.Bxf7 Rb8 25.Rd5 Rf8 26.Be6 Re8 27.Bg4 g6 28.Rxb5 Re1+
29.Kg2 Rb1 30.d5 Be5 31.Rxb7 Bxc3 32.d6 Rxb2 33.d7 1-0

[Event "Provincial Individual Huesca"]
[Site "Sabiñánigo,Alcalá,Binéfar,Bin"]
[Date "2016.10.15"]
[Round "1.21"]
[White "Torres Antonio"]
[Black "Chesa Aurelio"]
[Result "0-1"]
[WhiteElo "1469"]
[BlackElo "1747"]

1.c4 c5 2.Nc3 Nc6 3.e4 g6 4.d3 Bg7 5.Be3 d6 6.Nf3 e6 7.Be2 Nge7 8.O-O Nd4 9.
Rb1 Nec6 10.Qd2 O-O 11.Nb5 Nxe2+ 12.Qxe2 a6 13.Nc3 Nd4 14.Qd1 Rb8 15.Qd2 Bd7
16.Bh6 Bc6 17.Bxg7 Nxf3+ 18.gxf3 Kxg7 19.Kh1 f5 20.Rg1 fxe4 21.fxe4 d5 $1 22.
Rg3 dxe4 23.Kg1 Qd4 24.Re1 Rbd8 25.Nxe4 Bxe4 26.Rxe4 Qxe4 0-1

[Event "Provincial Individual Huesca"]
[Site "Sabiñánigo,Alcalá,Binéfar,Bin"]
[Date "2016.10.15"]
[Round "1.22"]
[White "Buisan Pedro"]
[Black "Torres David"]
[Result "1-0"]
[WhiteElo "1745"]
[BlackElo "1461"]

1.d4 Nf6 2.Nf3 c5 3.e3 cxd4 4.exd4 d6 5.Bd3 Bg4 6.Nbd2 Nc6 7.c3 e5 8.Qc2 g6 9.
O-O Bg7 10.Re1 Qc7 11.Bb5 O-O 12.Bxc6 Qxc6 13.dxe5 dxe5 14.Nxe5 Qe6 15.Qb3
Qxb3 16.Nxb3 Rfe8 17.Bg5 Bf5 18.Nf3 Ne4 19.Be3 b6 20.Nfd4 Bd7 21.Rad1 f5 22.
Nf3 Ba4 23.Bd4 Nc5 24.Bxc5 bxc5 25.Rd5 Rxe1+ 26.Nxe1 Re8 27.Nf3 Bxb3 28.axb3
Re2 29.Rxc5 Rxb2 30.g3 Rxb3 31.Rc8+ Bf8 32.Nd4 Rb1+ 33.Kg2 Re1 34.Ra8 Re7 35.
c4 Kf7 36.Nb5 Rb7 37.Kf3 Bc5 38.Rc8 Be7 39.Ra8 Bc5 40.h4 h5 41.Rc8 Bf8 42.Rc6
a5 43.Ra6 Bb4 44.Kf4 Re7 45.Kg5 Bd2+ 46.f4 Re6 47.Rxe6 Kxe6 48.Kxg6 Be1 49.
Kxh5 Bxg3 50.Kg5 Bf2 51.h5 Bc5 52.h6 Be7+ 53.Kg6 Bf6 54.Nc7+ Ke7 55.Nd5+ 1-0

[Event "Provincial Individual Huesca B"]
[Site "Sabiñánigo,Alcalá,Binéfar,Bin"]
[Date "2016.10.15"]
[Round "1.1"]
[White "Ibatullin Artemy"]
[Black "Coronas Luis"]
[Result "0-1"]
[WhiteElo "1534"]
[BlackElo "1597"]

1.e4 e6 2.Nf3 d5 3.Bd3 dxe4 4.Bxe4 Nf6 5.Nc3 Nxe4 6.Nxe4 Be7 7.d3 Nd7 8.Be3 b6
9.O-O Bb7 10.Nc3 Nf6 11.Qe2 O-O 12.Bg5 h6 13.Bh4 Nd5 14.Bxe7 Nxc3 15.Qd2 Qxe7
16.Qxc3 c5 17.d4 Rac8 18.Rad1 cxd4 19.Qxd4 Bxf3 20.gxf3 Rxc2 21.Qd7 Rc7 22.
Qxe7 Rxe7 23.Kg2 Rc8 24.Rb1 Rd7 25.b4 Kf8 26.a4 Rcc7 27.b5 Rd5 28.Kh1 Ke7 29.
Rfd1 Rc4 30.Ra1 Rxa4 31.Rxa4 Rxd1+ 32.Kg2 Rd7 33.Kg3 Kd6 34.Rd4+ Kc7 35.Rc4+
Kb7 36.Kf4 Rd5 37.Ke4 Rxb5 38.Kd4 Rh5 39.Rc2 Rxh2 40.Ke5 Rh5+ 41.Ke4 Rd5 42.f4
a5 43.Rc4 b5 44.Rd4 Rxd4+ 45.Kxd4 Kc6 46.Kc3 a4 47.Kb2 Kd5 48.Ka2 b4 49.Kb2
a3+ 50.Ka2 Kd4 51.Kb3 Kd3 52.Ka2 Kc2 53.Ka1 a2 54.Kxa2 b3+ 55.Ka3 b2 56.f5
b1=Q 57.fxe6 Qb3# 0-1

[Event "Provincial Individual Huesca"]
[Site "Sabiñánigo,Alcalá,Binéfar,Bin"]
[Date "2016.10.22"]
[Round "2.1"]
[White "Lafarga David"]
[Black "Escartin Jose"]
[Result "1-0"]
[WhiteElo "2203"]
[BlackElo "1785"]

1.e4 d6 2.d4 Nf6 3.Nc3 e5 4.Nf3 Nbd7 5.Bc4 Be7 6.a4 O-O 7.O-O c6 8.h3 b6 (8...
Nxe4 $5) 9.Qe2 a6 10.Rd1 Qc7 11.Ba2 Bb7 $6 (11...Rb8) 12.Nh4 b5 13.Nf5 Rfe8
14.Bg5 Bf8 $2 (14...exd4 {era necesaria, como vimos en el post-mortem con el GM Cifuentes}
15.Rxd4 c5 16.Nxe7+ (16.Rd3 $5 {mi idea en la partida}) 16...Rxe7 17.Rdd1 b4
18.Nd5 Bxd5 19.Bxd5 Nxd5 20.Rxd5 Re6 21.f3 Qc6 22.Qd2 Nb6 23.b3 $1) (14...b4
15.Qc4 $1 d5 16.Nxd5 {es un truco importante}) 15.dxe5 dxe5 (15...Rxe5 16.Bf4)
(15...Nxe5 16.Bxf6 gxf6 17.Qh5) 16.Qf3 $1 {la jugada clave, preparando la secuencia que sigue}
16...b4 (16...Rad8 17.Nh6+ (17.Qg3 g6 $1 {es menos claro}) 17...gxh6 18.Rxd7 {sirve igual})
(16...g6 17.Rxd7 $1 Nxd7 18.Nh6+ Bxh6 19.Qxf7+ Kh8 20.Bxh6 (20.Bf6+) 20...Rg8
21.Rd1 Rad8 22.Rxd7 Qxd7 23.Qf6+ Rg7 24.Bxg7+) 17.Nh6+ $3 gxh6 (17...Kh8 18.
Nxf7+ Kg8 19.Rxd7 $1 Nxd7 (19...Qxd7 20.Nxe5+) 20.Nh6+ Kh8 21.Qf7 Bc5 22.Qg8+
Rxg8 23.Nf7#) 18.Rxd7 $1 (18.Rxd7 Qxd7 (18...Nxd7 19.Qxf7+ Kh8 20.Qg8#) 19.
Bxf6 Bg7 20.Qg3 {y mate}) 1-0

[Event "Provincial Individual Huesca"]
[Site "Sabiñánigo,Alcalá,Binéfar,Bin"]
[Date "2016.10.22"]
[Round "2.2"]
[White "Aribau Miguel Angel"]
[Black "Ocabo Pedro"]
[Result "1-0"]
[WhiteElo "2052"]
[BlackElo "1785"]

1.e4 d6 2.d4 g6 3.f4 Bg7 4.c3 a6 5.Nf3 Nd7 6.Bd3 b5 7.a4 $1 bxa4 8.Qxa4 Nf6 $2
(8...e6) 9.e5 Nd5 10.Qc6 Nb6 11.e6 $1 O-O 12.exd7 Qxd7 13.Qxd7 Nxd7 14.O-O Bb7
15.Nbd2 c5 16.Be4 d5 17.Bc2 cxd4 18.cxd4 Rfc8 19.Bd3 Nf8 20.Nb3 Ne6 21.Be3
Rcb8 22.Na5 Bc8 23.Nc6 Rxb2 24.Nxe7+ Kf8 25.Nxc8 Rxc8 26.Ra3 h6 27.f5 gxf5 28.
Bxf5 Ke7 29.Re1 Rg8 30.g3 Rc8 31.Bf2 Rc6 32.Ne5 Rcb6 33.Nd3 Kd6 34.Bxe6 fxe6
35.Nxb2 1-0

[Event "Provincial Individual Huesca"]
[Site "Sabiñánigo,Alcalá,Binéfar,Bin"]
[Date "2016.10.22"]
[Round "2.3"]
[White "Fuentes Juan Antonio"]
[Black "Barranco Fernando"]
[Result "0-1"]
[WhiteElo "1987"]
[BlackElo "1759"]

1.d4 Nf6 2.c4 e6 3.Nc3 Bb4 4.Qc2 O-O 5.e4 c5 6.Nf3 Nc6 (6...cxd4 7.Nxd4 d5 $5)
7.Be3 Ng4 8.O-O-O Nxe3 9.fxe3 Qa5 10.a3 Bxc3 11.Qxc3 cxd4 12.Qxa5 Nxa5 13.exd4
b6 14.d5 (14.b4 Nc6 15.d5) 14...Ba6 15.dxe6 dxe6 16.c5 Bxf1 17.Rhxf1 Nb3+ 18.
Kb1 Nxc5 19.e5 Rad8 20.Nd4 Rd7 21.Nb5 Rfd8 22.Rxd7 Rxd7 23.Kc2 a6 24.Nd6 Nb7
25.Nxb7 Rxb7 26.Rd1 h6 27.Rd8+ Kh7 28.Kd3 Kg6 29.Ke4 a5 30.Rd6 b5 31.Ra6 a4
32.h3 Rc7 33.Rb6 Rc4+ 34.Kd3 Rc5 35.Ke4 Rd5 36.Rd6 f5+ $1 37.Kf4 Rxd6 38.exd6
Kf6 39.g4 e5+ 40.Ke3 f4+ 0-1

[Event "Provincial Individual Huesca"]
[Site "Sabiñánigo,Alcalá,Binéfar,Bin"]
[Date "2016.10.22"]
[Round "2.4"]
[White "Pellicer Jose Luis"]
[Black "Buisan Pedro"]
[Result "1/2-1/2"]
[WhiteElo "1969"]
[BlackElo "1745"]

1.e4 d6 2.d4 Nf6 3.Nc3 e5 4.Nge2 Nbd7 5.f4 Be7 6.Ng3 exd4 7.Qxd4 Nc5 8.Be3 O-O
9.O-O-O Qe8 10.Bc4 (10.Be2 $5) 10...Bg4 11.Rde1 Be6 12.e5 (12.Kb1) 12...dxe5
13.fxe5 Rd8 14.Qf4 Nd5 15.Bxd5 Bxd5 16.Nxd5 Rxd5 17.Nf5 Ne6 18.Qg3 Kh8 19.Rd1
Ra5 20.Nxe7 Qxe7 21.a3 Rd8 22.Rxd8+ Qxd8 23.Qf3 (23.Rf1) 23...Rxe5 1/2-1/2

[Event "Provincial Individual Huesca"]
[Site "Sabiñánigo,Alcalá,Binéfar,Bin"]
[Date "2016.10.22"]
[Round "2.5"]
[White "Chesa Aurelio"]
[Black "Rodriguez Leiva Manuel"]
[Result "1/2-1/2"]
[WhiteElo "1747"]
[BlackElo "1957"]

1.d4 d5 2.c4 e6 3.Nc3 Nf6 4.cxd5 exd5 5.Bg5 Be7 6.e3 O-O 7.Bd3 h6 8.Bh4 Nc6 9.
a3 a6 10.Nge2 Na5 11.Bxf6 Bxf6 12.Nf4 c6 13.O-O Bg5 14.Nce2 Nc4 15.Qc2 Nd6 16.
Nh5 f5 17.Kh1 Qe8 18.Nhf4 Bxf4 (18...Bd8 $5) 19.exf4 $1 Bd7 20.Rae1 Qf7 21.Ng1
$1 Rae8 22.Nf3 Qf6 23.Ne5 Bc8 24.Re3 Ne4 25.Rh3 Nd6 26.Rg3 Ne4 27.Rh3 Nd6 28.
Rg3 1/2-1/2